02369nkc a2200337za 450000100060000000300040000600500170001000700070002700800410003404000240007510000330009924500430013226000240017530001000019950002550029950001920055450000650074650001340081150001690094550400520111450500400116651001510120651002100135756101300156761000680169765100190176565500320178470000530181685200120186985601500188184454OSt20260318124302.0kh boc250410s19101911sp ||||| ||||||0| i|spa d aM-RABAbspacM-RABA1 aElorza, Lorenzod(1861-1931)10aEstíbalizb: Pila bautismalc/ L. E. c[ca. 1910 – 1911] a1 fotografíab: gelatina de platac; imagen 16,5 x 12 cmc; soporte secundario 26,5 x 21,5 cm aVista de la pila bautismal estructurada mediante un pedestal con núcleo redondeado al que se adosan cuatro columnas sobre el que descansa la copa de la pila completamente decorada, en el interior de la basílica de Nuestra Señora de Estíbaliz  aFotografía montada sobre soporte secundario de cartulina azul enmarcada con orla en relieve. Título y numeración manuscrita que hace referencia a la posición en la serie “73”. aSello con monograma del fotógrafo en tinta roja “L.E.” aFechas tomadas de la ejecución del positivo de las fotografías, incluido el soporte secundario. (Soto Madrazo, Javier. 2008). aForma parte de un conjunto de 167 fotografías empleadas por Federico Baráibar Zumárraga para la elaboración del Inventario del Románico en Álava (1911). aBaraibar, F.: "Rincones artísticos", M. 1914. aEstivariz.- Pila bautismal. / L. E. aDescripción tomada de: Soto Madrazo, Javier (2008). Federico Baraibar y el Inventario del Románico en Álava: una caja con 167 fotografías. aEsta colección fue utilizada posteriormente por Cristóbal de Castro para la elaboración y publicación del "Catálogo Monumental de España: provincia de Álava", Madrid, S. de Rivadeneira, 1915. aDonadas junto con la memoria manuscrita a la Academia por el mismo Baraibar (Sesión 12 de febrero de 1912, Archivo: 4-32-1)27aSantuario de Santa María de Estíbaliz (cÁlava, España) 7aÁlava2embne 0aFotografías de monumentos1 aBaráibar y Zumárraga, Federico d(1851-1918) jFot-182 3Fot-182uhttps://archivoybiblioteca.realacademiabellasartessanfernando.com/cgi-bin/koha/opac-retrieve-file.pl?id=060b42cc3c886971c31565b24fe0cb45